| 000 | 00392nam a22001337a 4500 | ||
|---|---|---|---|
| 082 |
_a624.068 _bCHI _cN-01, P-90 |
||
| 100 |
_aPaul s. chinowsky _942283 |
||
| 245 | _aStrategic corporate management for engineering | ||
| 260 |
_aNew York _bOxford University Press _c2000 |
||
| 300 |
_av, 397 pages _bill |
||
| 526 |
_a0 _b0 _c0 _d624_068000000000000_CHI |
||
| 650 |
_aNUST _96342 |
||
| 942 |
_2ddc _cBK |
||
| 999 |
_c546199 _d546199 |
||